00519nam a22001697a 450000500170000001000150001702000230003202000260005503500130008103700130009408200150010710000180012224500760014026000450021627000640026130000240032520150812124544.0 aENG-113606 c295.00a0199457549 c295.00a9780199457540 aEN-97138 bDBAD/PUB a150.195092 aKakar, Sudhir aIndia analysed /cby Sudhir Kakar in conversation with Ramin Jahanbeglo aNew DelhibOxford University Pressc2015 aYMCA Library Building, 1 Jai Singh Road,bNew Delhie110001 axvi,92p.c21cm(pbk)